Mastering : Ready, set, go /

Salvato in:
Dettagli Bibliografici
Autore principale: Kater, D.A (Autore)
Natura: Libro
Lingua:inglese
Pubblicazione: San Francisco : SYBEX, 1988
Tags: Aggiungi Tag
Nessun Tag, puoi essere il primo ad aggiungerne!!

MARC

LEADER 00000nam a22000003a 4500
001 stu3350
005 20150617225616.2
008 930319s1988----xxu-----------------eng-d
040 |a STU  |b slo 
041 0 |a eng 
044 |a xxu 
080 |a 681.327.06 
080 |a 519.688  |7 stu_us_auth*stu10069 
100 1 |a Kater, D.A  |4 aut 
245 1 |a Mastering :  |b Ready, set, go /  |c [aut.] Kater,D.A 
260 |a San Francisco :  |b SYBEX,  |c 1988 
300 |a 482 s 
996 |c I*3S3960  |l I  |s A  |a 24  |w stu3350_0001